Poesía nueva de Chile

Збережено в:
Бібліографічні деталі
Автори: Castro, Víctor (Автор), Castro, Oscar (Автор), Sabella, Andrés (Автор), Anguita, Eduardo (Автор), Arenas, Braulio (Автор), Rojas, Gonzalo (Автор), Scarpa, Roque Esteban (Автор), Arteche, Miguel (Автор)
Інші автори: Parra, Nicanor (Parra Sandoval, Nicanor) (autor)
Формат: Книга
Мова:Іспанська
Опубліковано: Santiago Zig-Zag 1953
Серія:Colección Poesías
Предмети:
Теги: Додати тег
Немає тегів, Будьте першим, хто поставить тег для цього запису!

MARC

LEADER 00000nam a2200000 a 4500
001 UCT4209
003 CL-VaPUC
008 961108e19530000CL |||||||||||||||||spa|d
082 0 4 |a Ch861  |b CAS  |2 21 
100 0 |a Castro, Víctor  |e author  |9 373394 
700 0 |a Castro, Oscar  |e author  |9 330530 
700 0 |a Sabella, Andrés  |e author  |9 373395 
700 0 |a Anguita, Eduardo  |e author  |9 310551 
700 0 |a Arenas, Braulio  |e author  |9 373396 
700 |a Parra, Nicanor   |q (Parra Sandoval, Nicanor)  |e autor  |9 310550 
700 0 |a Rojas, Gonzalo  |e author  |9 319345 
700 0 |a Scarpa, Roque Esteban  |e author  |9 368404 
700 0 |a Arteche, Miguel  |e author  |9 373397 
245 1 0 |a Poesía nueva de Chile 
300 |a 368 p 
942 |c BK 
945 |d 19961108 00:00:00  |a rleighto 
260 |a Santiago  |b Zig-Zag  |c 1953 
650 0 |a Poesías chilenas   |9 265280 
583 |a last modification  |c 19961108 00:00:00  |k Rodrigo Vera 
490 0 |a Colección Poesías 
999 |c 253621  |d 253619 
952 |0 0  |1 0  |4 0  |6 CH_861_000000000000000_CAS_1953  |7 0  |8 A  |9 274576  |a BIBEDU  |b BIBEDU  |d 2019-11-19  |i 3249336  |o Ch861 CAS 1953  |p 3249336  |r 2019-11-19  |w 2019-11-19  |y BK  |k LIT